000 00628nam a2200169Ia 4500
008 090711s9999 xx 000 0 und d
082 _b73438
100 _aसावंत वसंत
245 _aमाझ्या दारातले सोनSााफ्याSो झाड
260 _c1993
300 _a76
600 _aसावंत वसंत
630 _aमाझ्या दारातले सोनSााफ्याSो झाड
700 _aसावंत वसंत
730 _aमाझ्या दारातले सोनSााफ्याSो झाड
942 _cBOOK
999 _c320672
_d320672